书目信息 |
| 题名: |
电子商务实用技术
|
|
| 作者: | 张福德 著 | |
| 分册: | ||
| 出版信息: | 北京 中国城市出版社 1999.09 |
|
| 页数: | 397页 | |
| 开本: | 32开 | |
| 丛书名: | ||
| 单 册: | ||
| 中图分类: | F724.6 | |
| 科图分类: | ||
| 主题词: | 商业经济--中国 | |
| 电子资源: | ||
| ISBN: | 7-5074-1170-2 | |
| 000 | 00555nam0 2200193 45 | |
| 001 | 0007300805 | |
| 005 | 20000730084346.9 | |
| 010 | @a7-5074-1170-2@d22.80元 | |
| 100 | @a20000730d1999 km y0chiy0120 ea | |
| 101 | 0 | @achi |
| 105 | @a z 000yy | |
| 200 | 1 | @a电子商务实用技术@ADian Zi Shang Wu Shi Yong Ji Shu@f张福德 著@FZhang Fu De Zhu |
| 210 | @a北京@c中国城市出版社@d1999.09 | |
| 215 | @a397页@d32开 | |
| 606 | 0 | @a商业经济@x中国 |
| 690 | @aF724.6@v3 | |
| 701 | 0 | @a张福德@4著 |
| 801 | @aCN@bPftUser@c20000730 | |
| 905 | @b82419-421@dF724.6@eZH136@f3 | |
| 电子商务实用技术/张福德 著.-北京:中国城市出版社,1999.09 |
| 397页;32开 |
| ISBN 7-5074-1170-2:22.80元 |
| ● |
| 相关链接 |
|
|
|
正题名:电子商务实用技术
索取号:F724.6/ZH136
 
预约/预借
| 序号 | 登录号 | 条形码 | 馆藏地/架位号 | 状态 | 备注 |
| 1 | 82419 | 200824199 | 社科库409/409社科库 47排4列1层/ [索取号:F724.6/ZH136] | 在馆 | |
| 2 | 82420 | 200824206 | 社科库409/409社科库 47排4列1层/ [索取号:F724.6/ZH136] | 在馆 | |
| 3 | 82421 | 200824215 | 社科二线422/409社科库 47排4列1层/ [索取号:F724.6/ZH136] | 在馆 |